[Event "XXVII Turniej Szachowy Juniorow "]
[Site "ul. K.K. Baczynskiego 3 - Mlod"]
[Date "2010.01.19"]
[Round "3.10"]
[White "Skoczek, Karolina"]
[Black "Bednarkiewicz, Jakub"]
[Result "0-1"]
[WhiteElo "1636"]
[BlackElo "1548"]
[PlyCount "84"]
[EventDate "2010.??.??"]

1. e4 c5 2. Nc3 d6 3. Nf3 Nf6 4. Be2 e6 5. d3 Nc6 6. O-O Be7 7. Nd2 O-O 8. f4
b6 9. Nf3 Bb7 10. Qe1 Nb4 11. Bd1 d5 12. a3 Na6 13. e5 Ne8 14. Qg3 d4 15. Ne2
g6 16. Qh3 Ng7 17. Ng3 Nc7 18. Nd2 Rc8 19. Bf3 Bxf3 20. Rxf3 Nf5 21. Nde4 Nd5
22. Nxf5 exf5 23. Qh6 f6 24. e6 Rc7 25. Rh3 Bd6 26. Nxd6 Qxd6 27. Bd2 Qxe6 28.
Re1 Qc6 29. Rf1 Re8 30. Rff3 Re2 31. Rf2 Qe6 32. Qh4 Re7 33. c4 dxc3 34. Bxc3
Nxc3 35. bxc3 Rxf2 36. Qxf2 Qb3 37. Qf1 Qxc3 38. d4 Qxd4+ 39. Kh1 Qd2 40. Qc4+
Kg7 41. Rf3 Re1+ 42. Rf1 Qf2 0-1

[Event "XXVII Turniej Szachowy Juniorow "]
[Site "ul. K.K. Baczynskiego 3 - Mlod"]
[Date "2010.01.19"]
[Round "4.1"]
[White "Nowacki, Krzysztof"]
[Black "Bokiej, Przemyslaw"]
[Result "0-1"]
[WhiteElo "1770"]
[BlackElo "2069"]
[PlyCount "114"]
[EventDate "2010.??.??"]

1. e4 e6 2. d4 d5 3. Nd2 Nf6 4. e5 Nfd7 5. f4 c5 6. Ngf3 Nc6 7. Nb3 c4 8. Nbd2
b5 9. c3 Qa5 10. Qc2 b4 11. g4 Nb6 12. Be2 bxc3 13. bxc3 Na4 14. Nb1 Bd7 15.
O-O g6 16. f5 exf5 17. gxf5 Bxf5 18. Qd2 Be7 19. Bd1 O-O-O 20. Bxa4 Qxa4 21.
Ng5 Rdf8 22. Qb2 h6 23. Nf3 Be6 24. Na3 Kc7 25. Qb5 Qxb5 26. Nxb5+ Kd7 27. Ba3
Bxa3 28. Nxa3 Rb8 29. Rab1 Bf5 30. Rb5 Rxb5 31. Nxb5 Rb8 32. Nd6 Be6 33. Nh4
Ke7 34. Rf2 a5 35. a4 Rb3 36. Nb5 Rb1+ 37. Rf1 Rxf1+ 38. Kxf1 g5 39. Ng2 Kd7
40. Ne3 Ne7 41. Kg2 Ng6 42. Kf3 h5 43. Nd6 Kc6 44. Ne8 Ne7 45. Nd6 Kb6 46. Kg3
Ng6 47. Ne8 Nf4 48. Kf3 Nd3 49. Nf6 Kc6 50. Nd1 h4 51. Nh7 g4+ 52. Ke3 h3 53.
Ng5 g3 54. Nf3 Bg4 55. hxg3 h2 56. Nf2 Nxf2 57. Kxf2 Bxf3 0-1

[Event "XXVII Turniej Szachowy Juniorow "]
[Site "ul. K.K. Baczynskiego 3 - Mlod"]
[Date "2010.01.19"]
[Round "4.2"]
[White "Mikolajczak, Wojciech"]
[Black "Marchlewicz, Damian"]
[Result "0-1"]
[WhiteElo "1605"]
[BlackElo "1918"]
[PlyCount "80"]
[EventDate "2010.??.??"]

1. c4 c6 2. Nc3 Nf6 3. g3 d5 4. cxd5 cxd5 5. d4 Nc6 6. Bg2 e6 7. e3 Bd6 8. Nge2
a6 9. a3 Na5 10. O-O b5 11. b4 Nc4 12. e4 dxe4 13. Nxe4 Nxe4 14. Bxe4 Rb8 15.
Qd3 h6 16. Qc3 Bb7 17. Bxb7 Rxb7 18. Nf4 Bxf4 19. Bxf4 Rd7 20. d5 O-O 21. dxe6
fxe6 22. Rfe1 Re8 23. Be3 Rd3 24. Qc1 e5 25. a4 Qd5 26. axb5 axb5 27. Bc5 Nd2
28. Re3 Rxe3 29. Bxe3 Nf3+ 30. Kg2 Nd4+ 31. Kh3 Qe6+ 32. Kg2 Nb3 33. Qb2 Nxa1
34. Qxa1 Qc6+ 35. Kg1 Rd8 36. Qa2+ Kh8 37. Qb1 Qf3 38. Qc2 Rd1+ 39. Qxd1 Qxd1+
40. Kg2 e4 0-1

[Event "XXVII Turniej Szachowy Juniorow "]
[Site "ul. K.K. Baczynskiego 3 - Mlod"]
[Date "2010.01.19"]
[Round "4.3"]
[White "Kotula, Konrad"]
[Black "Zwara, Szymon"]
[Result "0-1"]
[WhiteElo "1811"]
[BlackElo "1552"]
[PlyCount "64"]
[EventDate "2010.??.??"]

1. Nf3 d5 2. c4 d4 3. b4 a6 4. Bb2 c5 5. bxc5 Nc6 6. g3 e5 7. d3 Bxc5 8. Bg2 f5
9. O-O Nf6 10. Nbd2 O-O 11. Nb3 Be7 12. e3 dxe3 13. Nxe5 Nxe5 14. Bxe5 Ng4 15.
Qe2 Nxe5 16. Bd5+ Kh8 17. fxe3 Qc7 18. d4 Ng4 19. Bf3 Nf6 20. Rac1 Bd7 21. Rfd1
Rac8 22. c5 Ne4 23. Qg2 Bg5 24. Re1 Rfe8 25. Rc2 Ba4 26. g4 Nd6 27. Rce2 Nc4
28. e4 fxe4 29. Bxe4 Bxb3 30. axb3 Na5 31. Bxb7 Rxe2 32. Qxe2 Rf8 0-1

[Event "XXVII Turniej Szachowy Juniorow "]
[Site "ul. K.K. Baczynskiego 3 - Mlod"]
[Date "2010.01.19"]
[Round "4.4"]
[White "Kaczmarczyk, Pawel"]
[Black "Zebracki, Tomasz"]
[Result "0-1"]
[WhiteElo "1602"]
[BlackElo "1789"]
[PlyCount "62"]
[EventDate "2010.??.??"]

1. e4 e6 2. d4 d5 3. exd5 exd5 4. Nc3 Bb4 5. Bd2 Nc6 6. Bb5 Nge7 7. a3 Ba5 8.
Nf3 Bg4 9. h3 Bh5 10. Bxc6+ Nxc6 11. Qe2+ Qe7 12. Qxe7+ Nxe7 13. g4 Bg6 14.
O-O-O Bxc3 15. Bxc3 Be4 16. Rhe1 Bxf3 17. Rd3 Be4 18. Rde3 Ng6 19. f3 Nf4 20.
Rg1 Nxh3 21. Rg3 Ng5 22. fxe4 Nxe4 23. Rgf3 O-O 24. Bb4 Rfe8 25. Rf4 a5 26. Be1
b6 27. b4 Nd6 28. Rxe8+ Rxe8 29. Bd2 Nc4 30. Rf5 c6 31. b5 g6 0-1

[Event "XXVII Turniej Szachowy Juniorow "]
[Site "ul. K.K. Baczynskiego 3 - Mlod"]
[Date "2010.01.19"]
[Round "4.6"]
[White "Brzezinski, Mateusz"]
[Black "Maksimenko, Andrei Jr"]
[Result "1-0"]
[WhiteElo "1966"]
[BlackElo "1746"]
[PlyCount "65"]
[EventDate "2010.??.??"]

1. c4 c6 2. Nc3 d5 3. d4 dxc4 4. e4 b5 5. a4 b4 6. Na2 e5 7. Nf3 exd4 8. Bxc4
Ba6 9. Qb3 Bxc4 10. Qxc4 Qd6 11. Nxd4 Qg6 12. O-O Bd6 13. e5 Be7 14. Nxb4 Nh6
15. Ndxc6 Nxc6 16. Qxc6+ Qxc6 17. Nxc6 Nf5 18. g4 Nh6 19. h3 Bh4 20. Be3 a6 21.
f4 O-O 22. f5 Rac8 23. Rac1 Kh8 24. b4 Ng8 25. b5 axb5 26. axb5 Ne7 27. Bc5
Rfe8 28. Bxe7 Bxe7 29. Nxe7 Rb8 30. Nc6 Rxb5 31. e6 fxe6 32. fxe6 h6 33. e7 1-0

[Event "XXVII Turniej Szachowy Juniorow "]
[Site "ul. K.K. Baczynskiego 3 - Mlod"]
[Date "2010.01.19"]
[Round "4.7"]
[White "Marchlewicz, Artur"]
[Black "Proczek, Mateusz"]
[Result "1-0"]
[WhiteElo "1792"]
[BlackElo "1713"]
[PlyCount "133"]
[EventDate "2010.??.??"]

1. e4 e5 2. Nf3 Nc6 3. Bb5 d6 4. O-O Nf6 5. Re1 Bd7 6. h3 Be7 7. c3 O-O 8. d4
exd4 9. cxd4 a6 10. Ba4 Nb8 11. Bc2 Nc6 12. Nc3 Nb4 13. Bb3 Nc6 14. Bg5 h6 15.
Bh4 Ne8 16. Bg3 Na5 17. Bc2 c5 18. dxc5 dxc5 19. e5 Be6 20. Qe2 Qb6 21. Qe4 g6
22. Nd5 Bxd5 23. Qxd5 Qc6 24. Qd3 Rd8 25. Qc3 Qb6 26. Bf4 g5 27. Bg3 Qb4 28.
Qe3 Nc6 29. a3 Qc4 30. Rac1 Qe6 31. Qe4 f5 32. exf6 Qxe4 33. Bxe4 Bxf6 34. Bxc6
bxc6 35. Rxc5 Bxb2 36. Rxc6 Rf6 37. Rxf6 Nxf6 38. a4 g4 39. hxg4 Nxg4 40. Nh2
Nxh2 41. Bxh2 Rd3 42. Bf4 Ra3 43. Bxh6 Rxa4 44. Bc1 Ra1 45. Bd2 Rxe1+ 46. Bxe1
Bd4 47. Ba5 Kf7 48. g4 Kg6 49. Kg2 Kg5 50. f3 Be5 51. Bd2+ Bf4 52. Bxf4+ Kxf4
53. Kf2 a5 54. Ke2 a4 55. Kd2 Kg5 56. Kc3 Kf4 57. Kb4 Ke5 58. Kxa4 Kd5 59. g5
Ke5 60. f4+ Kf5 61. Kb5 Ke6 62. g6 Kf6 63. f5 Ke7 64. g7 Kf7 65. f6 Kg8 66. Kc6
Kf7 67. Kd7 1-0

[Event "XXVII Turniej Szachowy Juniorow "]
[Site "ul. K.K. Baczynskiego 3 - Mlod"]
[Date "2010.01.19"]
[Round "4.8"]
[White "Bednarkiewicz, Jakub"]
[Black "Szulgacz, Maciej"]
[Result "1-0"]
[WhiteElo "1548"]
[BlackElo "1644"]
[PlyCount "45"]
[EventDate "2010.??.??"]

1. d4 d6 2. c4 Nf6 3. Nc3 g6 4. e4 Bg7 5. Bf4 O-O 6. Nf3 Nbd7 7. Qd2 Re8 8. Be2
Nh5 9. Bh6 Bh8 10. Ng5 Nhf6 11. h4 e5 12. d5 Bg7 13. Bxg7 Kxg7 14. h5 h6 15.
Nxf7 Kxf7 16. hxg6+ Kxg6 17. Qxh6+ Kf7 18. Bh5+ Nxh5 19. Qxh5+ Ke7 20. Qh7+ Kf6
21. Rh6+ Kg5 22. Qg6+ Kf4 23. Qf5# 1-0

[Event "XXVII Turniej Szachowy Juniorow "]
[Site "ul. K.K. Baczynskiego 3 - Mlod"]
[Date "2010.01.19"]
[Round "4.9"]
[White "Budnik, Mateusz"]
[Black "Bartoszewski, Bartosz"]
[Result "1-0"]
[WhiteElo "1612"]
[BlackElo "1548"]
[PlyCount "55"]
[EventDate "2010.??.??"]

1. d4 e6 2. e4 d5 3. e5 c5 4. c3 Nc6 5. Nf3 Bd7 6. Bd3 Qb6 7. Bc2 cxd4 8. cxd4
Bb4+ 9. Nc3 Nge7 10. O-O Bxc3 11. bxc3 O-O 12. Ba3 Rfe8 13. Qd3 g6 14. Bc5 Qc7
15. Qe3 b6 16. Bd6 Qd8 17. Qh6 Nf5 18. Bxf5 f6 19. Bxg6 hxg6 20. Qxg6+ Kh8 21.
exf6 Re7 22. Bxe7 Qg8 23. Qh6+ Qh7 24. Qxh7+ Kxh7 25. Ne5 Be8 26. Nxc6 Bxc6 27.
f7 Kg7 28. f8=Q+ 1-0

[Event "XXVII Turniej Szachowy Juniorow "]
[Site "ul. K.K. Baczynskiego 3 - Mlod"]
[Date "2010.01.19"]
[Round "4.10"]
[White "Maciejewski, Mikolaj"]
[Black "Wisniewski, Szymon"]
[Result "1-0"]
[WhiteElo "1572"]
[BlackElo "1456"]
[PlyCount "107"]
[EventDate "2010.??.??"]

1. e4 c5 2. d4 cxd4 3. c3 d5 4. exd5 Qxd5 5. cxd4 e6 6. Nc3 Bb4 7. a3 Bxc3+ 8.
bxc3 Nf6 9. Nf3 O-O 10. Bd3 Nc6 11. O-O b6 12. h3 Bb7 13. Qe2 Rad8 14. Bg5 Rfe8
15. Bxf6 gxf6 16. Rfe1 e5 17. c4 Qd6 18. d5 Na5 19. Qe4 Nb3 20. Qxh7+ Kf8 21.
Nh4 Bc8 22. Bf5 Rd7 23. Bxd7 Bxd7 24. Qh8+ Ke7 25. Ng6+ fxg6 26. Qg7+ Kd8 27.
Rad1 Bf5 28. Re3 Na5 29. Qxa7 Nxc4 30. Rc3 b5 31. a4 Nb2 32. Rd2 Nxa4 33. Rc6
Qd7 34. Qb8+ Ke7 35. Qxb5 Ra8 36. Qb4+ Ke8 37. g4 Qe7 38. Qxe7+ Kxe7 39. gxf5
gxf5 40. Re6+ Kf7 41. Rc2 Ra7 42. Rcc6 Ra5 43. Rxf6+ Kg7 44. Rg6+ Kh7 45. Rgd6
Ra7 46. Re6 Rg7+ 47. Kf1 e4 48. d6 Kg8 49. Rc8+ Kh7 50. Re7 Nb6 51. Rxg7+ Kxg7
52. d7 Nxd7 53. Rc7 Kf6 54. Rxd7 1-0

[Event "XXVII Turniej Szachowy Juniorow "]
[Site "ul. K.K. Baczynskiego 3 - Mlod"]
[Date "2010.01.20"]
[Round "5.1"]
[White "Bokiej, Przemyslaw"]
[Black "Marchlewicz, Damian"]
[Result "1/2-1/2"]
[WhiteElo "2069"]
[BlackElo "1918"]
[PlyCount "73"]
[EventDate "2010.??.??"]

1. e4 e5 2. Nf3 Nc6 3. Bb5 Nge7 4. O-O g6 5. c3 a6 6. Ba4 Bg7 7. d4 exd4 8.
cxd4 b5 9. Bb3 d6 10. Be3 Na5 11. Nbd2 Bb7 12. Bc2 O-O 13. Qc1 Rc8 14. Nb3 Nxb3
15. axb3 c5 16. dxc5 dxc5 17. Rd1 Qe8 18. Bh6 Nc6 19. Bxg7 Kxg7 20. Qe3 Nb4 21.
Qc3+ Kg8 22. Re1 Qe7 23. Rad1 Nxc2 24. Qxc2 Rfd8 25. Rd2 Rxd2 26. Qxd2 Rd8 27.
Qf4 Rd3 28. Ne5 Rd4 29. f3 f5 30. Qg3 fxe4 31. Nxg6 hxg6 32. Qxg6+ Kh8 33. Qh6+
Kg8 34. Qg6+ Kh8 35. Qh6+ Kg8 36. Qg6+ Kh8 37. Qh6+ 1/2-1/2

[Event "XXVII Turniej Szachowy Juniorow "]
[Site "ul. K.K. Baczynskiego 3 - Mlod"]
[Date "2010.01.20"]
[Round "5.2"]
[White "Zebracki, Tomasz"]
[Black "Mazalon, Mateusz"]
[Result "0-1"]
[WhiteElo "1789"]
[BlackElo "1775"]
[PlyCount "60"]
[EventDate "2010.??.??"]

1. e4 c5 2. Nf3 g6 3. c3 e6 4. d4 cxd4 5. cxd4 d5 6. e5 Nc6 7. Nc3 Nge7 8. Bd3
Nf5 9. Bxf5 exf5 10. O-O Be7 11. a3 g5 12. Ne1 f4 13. Qd3 Be6 14. g3 Qb6 15.
Nc2 O-O-O 16. b4 fxg3 17. hxg3 h5 18. Na4 Qc7 19. f3 f6 20. f4 h4 21. f5 Bf7
22. e6 hxg3 23. Ne1 g2 24. Nxg2 Qh2+ 25. Kf2 Rh3 26. Qxh3 Qxh3 27. exf7 Nxd4
28. Be3 Qf3+ 29. Kg1 Ne2+ 30. Kh2 Rh8+ 0-1

[Event "XXVII Turniej Szachowy Juniorow "]
[Site "ul. K.K. Baczynskiego 3 - Mlod"]
[Date "2010.01.20"]
[Round "5.3"]
[White "Zwara, Szymon"]
[Black "Marchlewicz, Artur"]
[Result "1/2-1/2"]
[WhiteElo "1552"]
[BlackElo "1792"]
[PlyCount "90"]
[EventDate "2010.??.??"]

1. e4 c5 2. Nf3 d6 3. d4 cxd4 4. Nxd4 Nf6 5. Nc3 a6 6. Be3 e5 7. Nb3 Be6 8. Qd2
Be7 9. O-O-O Nbd7 10. f4 b5 11. f5 Bc4 12. Bd3 O-O 13. Kb1 Rc8 14. h3 Nc5 15.
Bxc5 dxc5 16. Bxc4 bxc4 17. Qxd8 Rfxd8 18. Rxd8+ Bxd8 19. Nd2 Ba5 20. Re1 Re8
21. Nxc4 Bxc3 22. bxc3 h6 23. g4 Re7 24. Kb2 Rb7+ 25. Ka3 Nd7 26. Rd1 Nf6 27.
Rd8+ Kh7 28. Nd6 Rc7 29. Rf8 Re7 30. Rxf7 Rxf7 31. Nxf7 Nxe4 32. Nxe5 Nxc3 33.
Kb3 Ne4 34. Kc4 h5 35. Nd3 hxg4 36. hxg4 Nf6 37. Kxc5 Nxg4 38. Kd4 Kh6 39. Nf4
Kg5 40. Ne6+ Kf6 41. c4 Nh6 42. Nxg7 Kxg7 43. Ke5 Kf7 44. f6 Ng4+ 45. Kd6 Nxf6
1/2-1/2

[Event "XXVII Turniej Szachowy Juniorow "]
[Site "ul. K.K. Baczynskiego 3 - Mlod"]
[Date "2010.01.20"]
[Round "5.4"]
[White "Brzezinski, Mateusz"]
[Black "Nowacki, Krzysztof"]
[Result "0-1"]
[WhiteElo "1966"]
[BlackElo "1770"]
[PlyCount "32"]
[EventDate "2010.??.??"]

1. c4 Nf6 2. Nc3 d5 3. cxd5 Nxd5 4. g3 e5 5. Bg2 Nxc3 6. bxc3 c5 7. Rb1 Qc7 8.
d4 cxd4 9. cxd4 Nc6 10. dxe5 Qxe5 11. Qa4 Qa5+ 12. Qxa5 Nxa5 13. Bd2 Nc4 14.
Bxb7 Bxb7 15. Rxb7 Nxd2 16. Kxd2 O-O-O+ 0-1

[Event "XXVII Turniej Szachowy Juniorow "]
[Site "ul. K.K. Baczynskiego 3 - Mlod"]
[Date "2010.01.20"]
[Round "5.5"]
[White "Kotula, Konrad"]
[Black "Kaczmarczyk, Pawel"]
[Result "1/2-1/2"]
[WhiteElo "1811"]
[BlackElo "1602"]
[PlyCount "76"]
[EventDate "2010.??.??"]

1. b4 e5 2. Bb2 Bxb4 3. Bxe5 Nf6 4. e3 Nc6 5. Bb2 O-O 6. Nf3 d5 7. Be2 h6 8.
O-O a6 9. c4 Be6 10. a3 Be7 11. Qc2 dxc4 12. Bxc4 Bxc4 13. Qxc4 Qd5 14. Qc2
Rad8 15. d4 Ne4 16. Nc3 Nxc3 17. Bxc3 f5 18. Rab1 b6 19. Bb4 Nxb4 20. axb4 Bd6
21. Rfc1 Ra8 22. Qc4 Qxc4 23. Rxc4 a5 24. bxa5 Rxa5 25. g3 Rfa8 26. Rc6 Ra1 27.
Rxa1 Rxa1+ 28. Kg2 b5 29. Ne5 b4 30. Rc2 Rb1 31. Nc4 b3 32. Rb2 Rxb2 33. Nxb2
Ba3 34. Na4 c5 35. dxc5 Bxc5 36. Kf3 Kf7 37. Ke2 g5 38. Kd3 Ba7 1/2-1/2

[Event "XXVII Turniej Szachowy Juniorow "]
[Site "ul. K.K. Baczynskiego 3 - Mlod"]
[Date "2010.01.20"]
[Round "5.6"]
[White "Maciejewski, Mikolaj"]
[Black "Budnik, Mateusz"]
[Result "1-0"]
[WhiteElo "1572"]
[BlackElo "1612"]
[PlyCount "57"]
[EventDate "2010.??.??"]

1. e4 e6 2. d4 d5 3. Nc3 Bb4 4. Nge2 dxe4 5. a3 Bxc3+ 6. Nxc3 Nf6 7. Bg5 Nbd7
8. Bb5 c6 9. Bc4 b5 10. Ba2 h6 11. Bh4 Qb6 12. O-O O-O 13. Re1 a5 14. Bxf6 Nxf6
15. Nxe4 Nxe4 16. Rxe4 Rd8 17. c3 Bb7 18. Qh5 Qc7 19. Rg4 Kh8 20. Re1 b4 21.
Re3 bxc3 22. Rh3 Kg8 23. Qxh6 Kf8 24. Qxg7+ Ke7 25. bxc3 Rg8 26. Qxg8 Rxg8 27.
Rxg8 Qf4 28. Re3 Kd6 29. h3 1-0

[Event "XXVII Turniej Szachowy Juniorow "]
[Site "ul. K.K. Baczynskiego 3 - Mlod"]
[Date "2010.01.20"]
[Round "5.7"]
[White "Bednarkiewicz, Jakub"]
[Black "Mikolajczak, Wojciech"]
[Result "1-0"]
[WhiteElo "1548"]
[BlackElo "1605"]
[PlyCount "81"]
[EventDate "2010.??.??"]

1. d4 d5 2. c4 c6 3. Nc3 Bf5 4. Nf3 h6 5. e3 e6 6. Bd3 Bxd3 7. Qxd3 Nf6 8. O-O
Bd6 9. e4 dxe4 10. Nxe4 Nxe4 11. Qxe4 Nd7 12. Bf4 Nf6 13. Qe3 Bxf4 14. Qxf4 O-O
15. Rfd1 Qd7 16. Rd2 Rfd8 17. Rad1 Qd6 18. Qh4 Qc7 19. Ne5 Rd6 20. Rd3 Rad8 21.
Rg3 Kh8 22. Rdd3 c5 23. Rxg7 Kxg7 24. Rg3+ Kh7 25. Qxf6 Rg8 26. Nxf7 Rxg3 27.
Qxh6+ Kg8 28. Nxd6 Rxg2+ 29. Kxg2 Qxd6 30. d5 Kf7 31. Qxe6+ Qxe6 32. dxe6+ Kxe6
33. Kf3 Kf5 34. h4 b6 35. h5 Kg5 36. Ke4 Kxh5 37. Ke5 Kg6 38. Kd6 Kf5 39. Kc6
Kf4 40. Kb7 Kf3 41. Kxa7 1-0

[Event "XXVII Turniej Szachowy Juniorow "]
[Site "ul. K.K. Baczynskiego 3 - Mlod"]
[Date "2010.01.20"]
[Round "5.9"]
[White "Bartoszewski, Bartosz"]
[Black "Proczek, Mateusz"]
[Result "1/2-1/2"]
[WhiteElo "1548"]
[BlackElo "1713"]
[PlyCount "64"]
[EventDate "2010.??.??"]

1. c4 c5 2. Nc3 Nc6 3. g3 g6 4. Bg2 Bg7 5. e3 d6 6. Nge2 Nf6 7. O-O O-O 8. b3
Qc7 9. Bb2 b6 10. d4 Bb7 11. Qd2 e6 12. d5 Nd8 13. Rfd1 e5 14. Rab1 Qe7 15. Qc2
Bc8 16. f4 Bf5 17. Ne4 Bg4 18. Re1 Nxe4 19. Bxe4 f5 20. Bg2 Bxe2 21. Qxe2 Re8
22. Qd2 e4 23. Bxg7 Qxg7 24. Qb2 Rb8 25. Qxg7+ Kxg7 26. a4 Re7 27. Bf1 Nf7 28.
Be2 h6 29. Kf2 Kf6 30. Rg1 g5 31. Bh5 Rg8 32. Bxf7 Rxf7 1/2-1/2

[Event "XXVII Turniej Szachowy Juniorow "]
[Site "ul. K.K. Baczynskiego 3 - Mlod"]
[Date "2010.01.20"]
[Round "5.10"]
[White "Wisniewski, Szymon"]
[Black "Skoczek, Karolina"]
[Result "1/2-1/2"]
[WhiteElo "1456"]
[BlackElo "1636"]
[PlyCount "57"]
[EventDate "2010.??.??"]

1. e4 c6 2. d4 d5 3. Nc3 dxe4 4. Nxe4 Bf5 5. Ng3 Bg6 6. Nf3 Nd7 7. h4 h6 8. h5
Bh7 9. Bd3 Bxd3 10. Qxd3 e6 11. Bf4 Ngf6 12. O-O-O c5 13. Kb1 Be7 14. dxc5 Nxc5
15. Qxd8+ Rxd8 16. Rxd8+ Bxd8 17. Rd1 Be7 18. Be3 a6 19. Bd4 O-O 20. c3 Nd5 21.
Ne2 Ne4 22. Nh2 Bg5 23. Kc2 Rc8 24. f3 Nef6 25. g4 Be3 26. Nf1 Bxd4 27. Rxd4
Rc5 28. Nfg3 b5 29. Kb1 1/2-1/2

[Event "XXVII Turniej Szachowy Juniorow "]
[Site "ul. K.K. Baczynskiego 3 - Mlod"]
[Date "2010.01.20"]
[Round "6.1"]
[White "Bokiej, Przemyslaw"]
[Black "Zwara, Szymon"]
[Result "1/2-1/2"]
[WhiteElo "2069"]
[BlackElo "1552"]
[PlyCount "64"]
[EventDate "2010.??.??"]

1. e4 c5 2. Nf3 d6 3. d4 cxd4 4. Qxd4 a6 5. c4 Nc6 6. Qd2 Nf6 7. Nc3 g6 8. b3
Bg7 9. Bb2 e6 10. Be2 Qa5 11. Rb1 O-O 12. O-O Rd8 13. a3 Qc7 14. Rbd1 b6 15.
Rfe1 Bb7 16. Bf1 Ne7 17. b4 d5 18. cxd5 exd5 19. e5 Ng4 20. Qg5 h5 21. Qd2 d4
22. Ne4 Nxe5 23. Nxe5 Bxe5 24. Qg5 Nf5 25. Nf6+ Bxf6 26. Qxf6 Qc6 27. Qg5 Rd7
28. Rc1 Qd6 29. Bd3 Ng7 30. Bc4 b5 31. Bb3 Bd5 32. Bc2 Bc4 1/2-1/2

[Event "XXVII Turniej Szachowy Juniorow "]
[Site "ul. K.K. Baczynskiego 3 - Mlod"]
[Date "2010.01.20"]
[Round "6.2"]
[White "Mazalon, Mateusz"]
[Black "Nowacki, Krzysztof"]
[Result "0-1"]
[WhiteElo "1775"]
[BlackElo "1770"]
[PlyCount "66"]
[EventDate "2010.??.??"]

1. e4 c6 2. d4 d5 3. Nd2 dxe4 4. Nxe4 Bf5 5. Ng3 Bg6 6. f4 e6 7. h4 h6 8. h5
Bh7 9. Nf3 Nd7 10. Bd3 Bxd3 11. Qxd3 Qb6 12. O-O O-O-O 13. Be3 Ngf6 14. Ne5
Nxe5 15. fxe5 Ng4 16. Rab1 Nxe3 17. Qxe3 Rxd4 18. c3 Bc5 19. b4 Rxb4 20. Rxb4
Bxe3+ 21. Kh2 Qc5 22. Rxf7 Qxe5 23. Rbxb7 Bf4 24. Rxg7 Bxg3+ 25. Kh3 Bf2 26. g3
Bxg3 27. Rxa7 Qb8 28. Rae7 Be5 29. Rg6 Rf8 30. Rexe6 Rf3+ 31. Kh4 Bf6+ 32.
Rexf6 Qh2+ 33. Kg4 Qh3# 0-1

[Event "XXVII Turniej Szachowy Juniorow "]
[Site "ul. K.K. Baczynskiego 3 - Mlod"]
[Date "2010.01.20"]
[Round "6.3"]
[White "Marchlewicz, Damian"]
[Black "Zebracki, Tomasz"]
[Result "1-0"]
[WhiteElo "1918"]
[BlackElo "1789"]
[PlyCount "61"]
[EventDate "2010.??.??"]

1. d4 d5 2. c4 e6 3. Nf3 Nf6 4. Nc3 Nbd7 5. Bg5 c6 6. e3 Qa5 7. Bxf6 Nxf6 8.
Qc2 Bb4 9. Bd3 O-O 10. O-O Bd7 11. Ne5 Qd8 12. f4 h6 13. c5 Ba5 14. g4 Bc7 15.
Qg2 Ne8 16. Rf3 Bxe5 17. fxe5 Qg5 18. Raf1 g6 19. h4 Qxh4 20. Bxg6 Ng7 21.
Bxf7+ Kh8 22. Rh3 Qg5 23. Rf6 Nf5 24. gxf5 Qxg2+ 25. Kxg2 Kg7 26. Rg3+ Kh7 27.
fxe6 Be8 28. Ne2 b5 29. Nf4 Bxf7 30. exf7 Rab8 31. Nh5 1-0

[Event "XXVII Turniej Szachowy Juniorow "]
[Site "ul. K.K. Baczynskiego 3 - Mlod"]
[Date "2010.01.20"]
[Round "6.4"]
[White "Marchlewicz, Artur"]
[Black "Bednarkiewicz, Jakub"]
[Result "1-0"]
[WhiteElo "1792"]
[BlackElo "1548"]
[PlyCount "31"]
[EventDate "2010.??.??"]

1. e4 c5 2. Nf3 d6 3. d4 cxd4 4. Nxd4 Nf6 5. Nc3 a6 6. Be3 g6 7. f3 b5 8. Qd2
Bg7 9. O-O-O O-O 10. h4 b4 11. Nd5 a5 12. Nxf6+ Bxf6 13. h5 Bxd4 14. Bxd4 Nd7
15. hxg6 fxg6 16. Qh6 1-0

[Event "XXVII Turniej Szachowy Juniorow "]
[Site "ul. K.K. Baczynskiego 3 - Mlod"]
[Date "2010.01.20"]
[Round "6.5"]
[White "Kaczmarczyk, Pawel"]
[Black "Maciejewski, Mikolaj"]
[Result "1-0"]
[WhiteElo "1602"]
[BlackElo "1572"]
[PlyCount "109"]
[EventDate "2010.??.??"]

1. e4 g6 2. d4 Bg7 3. Nf3 d6 4. Bc4 c5 5. Nc3 cxd4 6. Nxd4 Nc6 7. Be3 Nf6 8.
O-O Ng4 9. Nxc6 bxc6 10. Qd2 Nxe3 11. Qxe3 O-O 12. f4 Qb6 13. Qxb6 axb6 14. Rf3
Ba6 15. Bxa6 Rxa6 16. a3 b5 17. Rb1 Rb8 18. Ne2 Ra4 19. Ng3 b4 20. axb4 Rbxb4
21. c3 Rb3 22. Rf2 Ra2 23. Rc2 Ra4 24. Re1 e6 25. Ree2 d5 26. Kf2 d4 27. Red2
dxc3 28. Rd8+ Bf8 29. bxc3 Rc4 30. Rd3 Bb4 31. Ne2 Rxe4 32. Nc1 Rxc3 33. Rcxc3
Bxc3 34. Rxc3 Rxf4+ 35. Kg3 Re4 36. Rxc6 h5 37. Kf3 Ra4 38. Ne2 Ra3+ 39. Rc3
Rxc3+ 40. Nxc3 Kg7 41. Kf4 f6 42. Ne4 e5+ 43. Kf3 g5 44. Nd6 Kg6 45. Ke4 g4 46.
g3 Kg5 47. Nf5 Kg6 48. Nh4+ Kg5 49. Ng2 Kg6 50. Kd5 Kg5 51. Ke6 e4 52. Kd5 f5
53. Ke5 f4 54. gxf4+ Kg6 55. Kxe4 1-0

[Event "XXVII Turniej Szachowy Juniorow "]
[Site "ul. K.K. Baczynskiego 3 - Mlod"]
[Date "2010.01.20"]
[Round "6.7"]
[White "Szulgacz, Maciej"]
[Black "Kotula, Konrad"]
[Result "1/2-1/2"]
[WhiteElo "1644"]
[BlackElo "1811"]
[PlyCount "35"]
[EventDate "2010.??.??"]

1. d4 Nf6 2. c4 c5 3. Nf3 g6 4. g3 Bg7 5. Bg2 O-O 6. O-O Nc6 7. Nc3 d6 8. dxc5
dxc5 9. Be3 Be6 10. Bxc5 Bxc4 11. Qxd8 Rfxd8 12. Rfd1 e6 13. Nd4 Nxd4 14. Bxd4
Nd5 15. Bxg7 Kxg7 16. Nxd5 Bxd5 17. Bxd5 exd5 18. e3 1/2-1/2

[Event "XXVII Turniej Szachowy Juniorow "]
[Site "ul. K.K. Baczynskiego 3 - Mlod"]
[Date "2010.01.20"]
[Round "6.8"]
[White "Maksimenko, Andrei Jr"]
[Black "Mikolajczak, Wojciech"]
[Result "1-0"]
[WhiteElo "1746"]
[BlackElo "1605"]
[PlyCount "65"]
[EventDate "2010.??.??"]

1. e4 e6 2. d4 d5 3. exd5 exd5 4. Bd3 Nf6 5. Nc3 c6 6. h3 Bd6 7. Qf3 Be6 8.
Nge2 Nbd7 9. Bf4 Bxf4 10. Nxf4 Qb6 11. O-O-O O-O 12. g4 Kh8 13. g5 Ne8 14. Qh5
g6 15. Bxg6 fxg6 16. Nxg6+ Kg8 17. Nxf8 Nxf8 18. f4 Ng7 19. Qf3 Ng6 20. h4 Rf8
21. Ne2 Bf5 22. Rh2 Be4 23. Qg4 Bf5 24. Qf3 Be4 25. Qa3 Nxf4 26. Nxf4 Rxf4 27.
h5 Bf3 28. Qe3 Bxd1 29. Qxf4 Bxh5 30. Qb8+ Kf7 31. Rf2+ Kg6 32. Rf6+ Kxg5 33.
Qf4# 1-0

[Event "XXVII Turniej Szachowy Juniorow "]
[Site "ul. K.K. Baczynskiego 3 - Mlod"]
[Date "2010.01.20"]
[Round "6.9"]
[White "Budnik, Mateusz"]
[Black "Wisniewski, Szymon"]
[Result "1/2-1/2"]
[WhiteElo "1612"]
[BlackElo "1456"]
[PlyCount "70"]
[EventDate "2010.??.??"]

1. d4 Nf6 2. c4 g6 3. Nc3 Bg7 4. Bf4 O-O 5. e3 d6 6. Nf3 Nbd7 7. Be2 c6 8. O-O
Re8 9. Re1 c5 10. d5 Nb6 11. e4 Bg4 12. b3 Nh5 13. Bd2 Nf4 14. Bf1 e6 15. Rc1
Nh5 16. h3 Bxf3 17. Qxf3 Nf6 18. Bg5 h6 19. Bh4 Nbd7 20. Bg3 e5 21. Nb5 Nb6 22.
Bh4 a6 23. Bxf6 Bxf6 24. Nc7 Qxc7 25. Qxf6 Qe7 26. Qxe7 Rxe7 27. Re3 Nd7 28.
Rf3 Rf8 29. Rcc3 Kh7 30. Bd3 Kg7 31. Bb1 Nf6 32. a3 a5 33. b4 axb4 34. axb4 b6
35. bxc5 bxc5 1/2-1/2

[Event "XXVII Turniej Szachowy Juniorow "]
[Site "ul. K.K. Baczynskiego 3 - Mlod"]
[Date "2010.01.20"]
[Round "6.10"]
[White "Skoczek, Karolina"]
[Black "Bartoszewski, Bartosz"]
[Result "1/2-1/2"]
[WhiteElo "1636"]
[BlackElo "1548"]
[PlyCount "62"]
[EventDate "2010.??.??"]

1. e4 e6 2. Nf3 d5 3. Nc3 c5 4. d4 cxd4 5. Nxd4 Bb4 6. Bb5+ Bd7 7. Bxd7+ Qxd7
8. exd5 Qxd5 9. O-O Bxc3 10. bxc3 Nf6 11. Re1 O-O 12. a3 Rd8 13. Bf4 Ne4 14.
Ne2 Qa5 15. Qb1 Nxc3 16. Qxb7 Nxe2+ 17. Rxe2 Qc3 18. Rb1 Nc6 19. Qb3 Nd4 20.
Re3 Qxc2 21. Qxc2 Nxc2 22. Reb3 Nd4 23. R3b2 f6 24. Be3 Rac8 25. Rb7 a5 26. h3
Nc2 27. Ra7 Nxa3 28. Rbb7 g5 29. Rxh7 Nc4 30. Rag7+ Kf8 31. Rf7+ Kg8 1/2-1/2